000 02930cam a22004574a 4500
999 _c57952
_d57952
001 13929430
005 20210407142915.0
008 050414s2006 nyua b 001 0 eng
010 _a 2005010536
020 _a052183564X (hardback)
035 _a(OCoLC)ocm59879834
040 _aDLC
_cDLC
_dYDX
_dBAKER
_dMDY
_dDLC
042 _apcc
043 _ae-hu---
_ae-pl---
050 0 0 _aHN420.5.A8
_bS45 2006
080 _a330.1 S-45
082 0 0 _a306.2/09438/09045
_222
100 1 _aSeleny, Anna.
_911141
245 1 4 _aThe political economy of state-society relations in Hungary and Poland :
_bfrom communism to the European Union /
_cAnna Seleny.
260 _aCambridge ;
_aNew York :
_bCambridge University Press,
_c2006.
300 _axiii, 277 p. :
_bill. ;
_c24 cm.
504 _aIncludes bibliographical references and index.
505 0 _aIntroduction : points of permeable contact -- History and theory in practice -- Precocious reformer : Hungary -- Injustice: poland 1948--1980 -- Poland : from solidarity to 1989 -- Hungary : property relations recast -- Schumpeter by the Danube : from second economy to private sector -- Action and reaction : institutional consequences of private-sector expansion -- Conclusion : despotism, discovery, and surprise.
650 0 _aSocial change
_zHungary.
_911142
650 0 _aSocial change
_zPoland.
_911143
650 0 _aPost-communism
_zHungary.
_911144
650 0 _aPost-communism
_zPoland.
_911145
651 0 _aHungary
_xEconomic policy
_y1968-1989.
_911146
651 0 _aHungary
_xEconomic policy
_y1945-1968.
_911147
651 0 _aPoland
_xPolitics and government
_y1980-1989.
_911148
651 0 _aPoland
_xPolitics and government
_y1945-1980.
_911149
653 _aThe Political Economy of State-Society Relations in Hungary and Poland: From Communism to the European Union
653 _aსახელმწიფო-პოლიტიკური ურთიერთობების პოლიტიკური ეკონომიკა უნგრეთსა და პოლონეთში: კომუნიზმიდან ევროკავშირამდე
653 _aПолитическая экономия отношений между государством и обществом в Венгрии и Польше: от коммунизма до Европейского союза
856 4 1 _3Table of contents only
_uhttp://www.loc.gov/catdir/toc/ecip0511/2005010536.html
856 4 2 _3Publisher description
_uhttp://www.loc.gov/catdir/enhancements/fy0659/2005010536-d.html
856 4 2 _3Contributor biographical information
_uhttp://www.loc.gov/catdir/enhancements/fy0733/2005010536-b.html
906 _a7
_bcbc
_corignew
_d1
_eecip
_f20
_gy-gencatlg
942 _2udc
_cBK
955 _asd13 2005-04-14
_csd13 2005-04-14 to subj.;
_aaa28 2005-04-28
_aps02 2006-05-05 1 copy rec'd., to CIP ver.
_ayh16 2006-05-26 copy 2 added